000 00557nam a2200181Ia 4500
999 _c44803
_d44803
003 GCL
005 20240530104127.0
008 140319s1981 ua 000 0 ara d
040 _aGCL /
_cGCL
082 0 4 _a923.2/
_bا م
100 0 _aاحمد حسين
245 1 0 _aمؤلفات احمد حسين .
_nالمجلد الاول /
_cاحمد حسين
260 _aالقاهرة :
_bدار الشروق،
_c1981.
300 _a957 ص.؛
_c24 سم.
650 0 4 _aالسياسيون - تراجم
650 0 4 _aالسياسيون العرب
942 _2ddc
_cBK